000 00908nas a2200301 4500
001 BR0104313
003 BR-BrBNA
005 20231205102424.0
007 ta
008 230509b bl.|||p| |||| 00| 00por d
040 _aBR-BrBNA
_bpor
_cBiblioteca Nacional de Agricultura
041 _a(Pt)
072 _aL01
100 1 _aPorto, A.J.
100 1 _aOkamoto, F.
245 1 _aSistemas de utilizacao de dois cultivares de amoreira em duas idades de crescimento vegetativo, no desempenho do bicho-da-seda
650 _aBicho da Seda
650 _aAmora
650 _aVariedade
650 _aCrescimento
650 _aCasulo
650 _aProducao Animal
650 _aNutricao Animal
650 _aSericicultura
773 0 _tBoletim de Industria Animal (Brazil)
_xISSN 0067-9615
_g(2000), v. 57(2) p. 171-178
_wBR0104313
909 _a202311
_bLúcia
_c55
_dLúcia Elande
942 _2AGRIS
_n0
_cANA
999 _c167517
_d167517